000 00298nam a22001337a 4500
020 _a0-394-84376-2
082 _a823
_bFAR/I
100 _aFARLEY, WALTER
245 _aTHE ISLAND STALLION
260 _aNEW YORK
_bRANDOM HOUSE
_c1998
300 _a207
650 _aNOVEL
_zUNITED STATES
942 _cBK
999 _c3173
_d3173